000 00864cam a22002771 4500
999 _c344
_d344
001 3112910
003 GZU
005 20200721094716.0
008 800124s1962 nyu 000 0beng
010 _a 63003546
040 _aDLC
_cDLC
_dDLC
043 _ae-gx---
050 0 0 _aBR325
_b.E7 1962
082 0 0 _a284.1/092
_aB
100 1 _aErikson, Erik H.
_q(Erik Homburger),
_d1902-1994.
245 1 0 _aYoung man Luther;
_ba study in psychoanalysis and history.
260 _aNew York,
_bNorton
_c[1962]
300 _a288 p.
_c20 cm.
490 1 _aAusten Riggs monograph ;
_vno. 4
490 0 _aThe Norton library,
_vN170
600 1 0 _aLuther, Martin,
_d1483-1546.
650 0 _aReformation
_zGermany
_xBiography.
830 0 _aAusten Riggs Center monograph ;
_vno. 4.
906 _a7
_bcbc
_corignew
_du
_eocip
_f19
_gy-gencatlg
942 _2lcc
_cBK
_h325
_iERI
_kBR
_m1962